• 首页
  • 本馆介绍
  • 公告通知
  • 最新文献
  • 馆藏检索
  • 电子资源
  • 读者导购
  • 参考咨询
  • 我的图书馆
  • 登录
  • 详细信息显示
  • 放入我的书架
  • 预约/预借图书
  • 作者相关作品
  • 分类相关作品
  • 丛书相关作品
  • 出版社相关作品

书目信息

  • 表格格式
  • 工作单格式
  • 卡片格式
题名:
体育实用力学基础知识
    
 
作者: 袁庆成 编著
分册:  
出版信息: 北京   人民体育出版社  1976
页数: 98
开本: 19cm
丛书名:
单 册:
中图分类: G804.6
科图分类:
主题词: 运动生物力学--基本知识
电子资源:
ISBN:
000 00593nam0 2200217 45
001 0176002575
005 20060805103915.62
010    @dCNY0.28
100    @a19950928d1976 em y0chiy0121 ea
101 0  @achi
102    @aCN@b110000
105    @ay z 000yy
200 10 @a体育实用力学基础知识@Ati yu shi yong li xue ji chu zhi shi@f袁庆成编著
210    @a北京@c人民体育出版社@d1976
215    @a98@d19cm
606    @a运动生物力学@x基本知识
690    @aG804.6@v3
701  0 @a袁庆成@Ayuan qing cheng@4编著
801  2 @aCN@bNLC@c20060805
801  0 @aCN@bTSSF
905    @a10447@dG804.6@e165
    
    体育实用力学基础知识/袁庆成编著.-北京:人民体育出版社,1976
    98;19cm
    
    
    ISBN :CNY0.28
    
●
相关链接 在E读中查询图书 在五车中查询图书 在当当中查询图书 在豆瓣中查询图书


正题名:体育实用力学基础知识     索取号:G804.6/165         预约/预借

序号 登录号 条形码 馆藏地/架位号 状态 备注
1 0447106   204471062   密集书库/ [索取号:G804.6/165] 在馆    
唐山师范学院图书馆 欢迎您!
大连网信软件有限公司© 版权所有